Quizzes
Events
Quiz Creation
Community
Videos
Private Events
Remove Ads
Sign In
Join for FREE
Feedback
Dark Mode
Quiz Categories
Sports
Geography
Music
Movies
Television
Just For Fun
Miscellaneous
History
Literature
Language
Science
Gaming
Entertainment
Religion
Holiday
For Kids
Quiz Lab
Recent
Popular Today
Quiz Kudos Today
Editor Picks
Curator Picks
Quizzes by...
Day
Popularity
Type
Ratings
Length
Year
Community
Subscriptions
Recent Discussions
Orange Saloon
Badges
Playlists
Quests
Create
Leaderboards
Showdown
Live 5
Trivia Bingo
Activity
Puzzle Library
Sporcle Events
Private Events
Virtual Trivia
Globe League
Become a Host
Pub Owners
SporcleCon
Opinionation
Our Games
Videos
Blog
Mobile Apps
Partnerships
Remove Ads and Go Orange
Feedback
Sports
Athletes
MLB
NBA
NHL
NFL
Soccer
Sports Teams
WWE
NCAA
Football
Premier League
Basketball
Baseball
Hockey
Golf
Tennis
Cricket
Rugby
Auto Racing
Olympics
World Cup
Sports
Athletes
MLB
NBA
NHL
NFL
Soccer
Sports Teams
WWE
NCAA
Football
Premier League
Basketball
Baseball
Hockey
Golf
Tennis
Cricket
Rugby
Auto Racing
Olympics
World Cup
Random Quiz
Search Sporcle
×
Quiz Lab
Quiz Lab
Sports
NHL
Type in answers that appear in a list
Type in answers that appear in a list
Classic
Best Score? Go Orange.
Who drafted me - NHL version 1995-2000 Stats
Can you name the teams who drafted these players originally?
By
SilverCup
5m
30 Questions
2,123 Plays
2,123 Plays
2,123 Plays
Comments
Comments
Give Quiz Kudos
Give Quiz Kudos
-
- Ratings
hide this ad
More Info
Forced Order
Answers have to be entered in order
Answers have to be entered in order
Random Order
Randomize order of answers
Randomize order of answers
Replay
Link that replays current quiz
Next Quiz
Link to next quiz in quiz playlist
You Got
0%
They Got
Avg Score
46%
Avg Friend Score
Upgrade to see
Score Distribution
Jump to the score distribution portion of the page
Score
0/30
Timer
05:00
0
Plays Today
Player
Team
% Correct
Dany Heatley
Atlanta Thrashers
80.9%
Zdeno Chara
New York Islanders
80.8%
Roberto Luongo
New York Islanders
79.4%
Alex Tanguay
Colorado Avalanche
74.3%
Jarome Iginla
Dallas Stars
72.9%
Mike Ribeiro
Montreal Canadiens
69%
Martin Havlat
Ottawa Senators
68.1%
Mikka Kiprusoff
San Jose Sharks
66.3%
Ilya Bryzgalov
Anaheim Ducks
66.2%
Brian Campbell
Buffalo Sabres
63.3%
Bryan Berard
Ottawa Senators
62.1%
Daniel Briere
Phoenix Coyotes
61.6%
Sami Kapanen
Harford Whalers
51.2%
Olli Jokinen
Los Angeles Kings
48.9%
Tim Connolly
New York Islanders
46.4%
Player
Team
% Correct
Brad Boyes
Toronto Maple Leafs
43%
Dainius Zubrus
Philadelphia Flyers
39.9%
Francois Beauchemin
Montreal Canadiens
39.3%
Jarkko Ruutu
Vancouver Canucks
37.1%
Marc Savard
New York Rangers
35.4%
Jochen Hecht
St Louis Blues
30.9%
Michal Rozsival
Pittsburgh Penguins
27.9%
Niklas Hagman
Florida Panthers
27.2%
Ladislav Nagy
St Louis Blues
27%
George Parros
Los Angeles Kings
24.9%
Willie Mitchell
New Jersey Devils
20.4%
Mike Commodore
New Jersey Devils
18.7%
Matthew Lombardi
Edmonton Oilers
16.3%
Mikael Samuelsson
San Jose Sharks
14.7%
Samuel Pahlsson
Colorado Avalanche
13.1%
Quiz Playlist
Details
Report
Send in Message
Add To Playlist
More Info:
I saw a quiz like this for other sports, so I figured I'd do one with just NHL players.
Classic:
Type in answers that appear in a list
Forced Order:
Answers have to be entered in order
Random Order:
Randomize order of answers
Quiz Source
Last Updated: Feb 16, 2017
Quiz Scoreboard
CHALLENGE
Sign Up to Join the Scoreboard
Show All
Scores
Hide
Comments
May contain spoilers
Recently Published
Presidents Visiting Landmarks
by Hejman
History
7m
An Introduction to Baseball
by treessimontrees
Sports
5m
Movies - When Are They Set?
by FPL_Elf
Movies
5m
More to Explore
Quiz From the Vault
Featured Blog Post
Where Did the Easter Bunny Come From?
hide this ad
You Might Also Like...
Tags
NHL Quiz
1995
Draft
Originally
Player
team
Version
Today's Top Quizzes in Sports
Browse Sports
hide this ad
Today's Top Quizzes in NHL
Browse NHL
Top Contributed Quizzes in Sports
1
Les meilleurs buteurs des matchs entre le PSG et l’OM
2
2022 World Cup Stars
3
FIFA Club World Cup Champions
4
Les entraîneurs de l'OM et du PSG au 21e siècle
5
Name the Premier League winners with different clubs
6
La finale Lions - Afrique du Sud 2021
7
England Test cricketers to play under Nasser Hussain
8
5-to-1: UK Sports Teams
9
Les joueurs passés par le LOSC et le RC Lens
10
Criteria MLB: Left Handed Sluggers
Explore More
Trending Topics
Disney
Crossword
Kpop
Anime
NBA
Harry Potter
Marvel
Puzzle
WWE
NFL
Country
Soccer
The Office
Pokémon
Song
hide this ad
More By:
SilverCup
Quiz
Plays
Rating
Category
Featured
Created
Who drafted me - NHL version 1995-2000
2,123
4.41
Sports
Dec 23, 2009
Ken Griffey Jr Baseball for SNES - NL
503
3.60
Gaming
Oct 29, 2009
Toronto Maple Leafs Draft History 99-09
357
5.00
Sports
Oct 30, 2009
Maple Leafs Records
327
4.50
Sports
Oct 22, 2009
Ken Griffey Jr Baseball for SNES - AL
304
4.00
Gaming
Oct 29, 2009
Go to Creator's Profile
Score Distribution
Quiz Creator Spotlight
SilverCup
Follow
Send a Message
Quizzes Created
-
Created Quiz Play Count
-
More By This Creator
Popular Quizzes Today
1
Find the US States - No Outlines Minefield
2
Find the Countries of Europe - No Outlines Minefield
3
The Countries of the World
4
Find the US States
5
Popular People in 1961
6
US States
7
Risky Map Clicking: Biggest States A-Z
8
1-10 Letter E Words III
More Sports Quizzes
MLB most home runs by 2 teammates N.L. (2000-2023)
Quiz Lab
Trending Quizzes
Risky Map Clicking: Least Populous States A-Z
1-10 Letter G Words
1-10 Letter F Words
One Thing in Common: United Kingdom
Risky Map Clicking: Next State Alphabetically
Recently Updated
Leaping Animals
pecheneg
Reality TV Shows (A-Z)
bhenderson79
Rickey Henderson's Hall of Fame Teammates
pecheneg
Champions League XIs: Arsenal
pecheneg
Quick Pick: Celebrities in WWE's Hall of Fame
aduchscher
A-Z Keypad Blitz II
pecheneg
Multiple Oscar Actors
pecheneg
Mystery Phrase Blitz: Oscar 'Best Actors'
pecheneg
F. Scott Fitzgerald Novels
LTH
Pick 3 Villains
ddd62291
Trending Topics
Disney
Anime
Crossword
Kpop
Harry Potter
NBA
Marvel
Country
Song
Soccer
NFL
Pokémon
Puzzle
The Office
WWE
Your Account Isn't Verified!
In order to create a playlist on Sporcle, you need to verify the email address you used during registration. Go to your
Sporcle Settings
to finish the process.
Report this User
Report this user for behavior that violates our
Community Guidelines
.
Details:
Send Report
Go to the Sporcle.com Mobile Site →
Comments